[Event "Ciechocinek KPZ-ch"]
[Site "Ciechocinek"]
[Date "2002.??.??"]
[Round "1"]
[White "Halas, Przemyslaw"]
[Black "Lewandowski, Maciej"]
[Result "1-0"]
[WhiteElo "2149"]
[BlackElo "1800"]
[PlyCount "81"]
[EventDate "2002.??.??"]
[EventType "swiss"]
[EventRounds "9"]
[EventCountry "POL"]
[SourceTitle "EXT 2007"]
[Source "ChessBase"]
[SourceDate "2006.11.23"]
[SourceVersion "1"]
[SourceVersionDate "2006.11.23"]
[SourceQuality "1"]

1. d4 e6 2. c4 d5 3. Nf3 Be7 4. g3 Nf6 5. Bg2 c6 6. 0-0 dxc4 7. Ne5 Nbd7 8. Nxc4 0-0 9. b3 Nd5 10. Bb2 b5 11. Ncd2 f5 12. e4 Nb4 13. exf5 Rxf5 14. Bh3 Rf6 15. Ne4 Rh6 16. Bg2 Bb7 17. Nbc3 e5 18. Ne2 Qc7 19. a3 Nd5 20. dxe5 Nxe5 21. Qd4 Bf6 22. Nxf6+ gxf6 23. Rac1 Qf7 24. Nf4 Nxf4 25. Qxf4 Rg6 26. Bxe5 fxe5 27. Qxf7+ Kxf7 28. Rc5 Re6 29. Be4 Kf6 30. Bxh7 Rd8 31. Be4 Rd4 32. f3 Rd2 33. Rfc1 Red6 34. Bxc6 Re2 35. Bxb7 Rdd2 36. f4 e4 37. Bxe4 Rxe4 38. R5c2 Rd3 39. Rc3 Rd2 40. R3c2 Rd3 41. Rb2 1-0

[Event "Ciechocinek KPZ-ch"]
[Site "Ciechocinek"]
[Date "2002.??.??"]
[Round "8"]
[White "Lewandowski, Maciej"]
[Black "Jablonski, Miroslaw"]
[Result "0-1"]
[WhiteElo "1800"]
[BlackElo "1800"]
[PlyCount "80"]
[EventDate "2002.??.??"]
[EventType "swiss"]
[EventRounds "9"]
[EventCountry "POL"]
[SourceTitle "EXT 2007"]
[Source "ChessBase"]
[SourceDate "2006.11.23"]
[SourceVersion "1"]
[SourceVersionDate "2006.11.23"]
[SourceQuality "1"]

1. e4 e5 2. Nf3 Nc6 3. Bc4 Bc5 4. c3 Nf6 5. d4 exd4 6. cxd4 Bb4+ 7. Nc3 Nxe4 8. 0-0 Bxc3 9. d5 Bf6 10. Re1 Ne7 11. Rxe4 d6 12. g4 0-0 13. g5 Bf5 14. gxf6 Bxe4 15. fxe7 Qxe7 16. Qe2 Rae8 17. Bd2 Qf6 18. Ng5 Bg6 19. Qf3 Qd4 20. Qc3 Qg4+ 21. Kh1 h6 22. Rg1 Qf5 23. Nf3 Re4 24. Rg3 Rg4 25. Kg2 Rxg3+ 26. hxg3 Qe4 27. Kh2 Re8 28. Nd4 Re5 29. f3 Rh5+ 30. Kg2 Qe7 31. Bf4 f5 32. Ne6 Be8 33. Be3 g5 34. Bd4 g4 35. Bf6 gxf3+ 36. Kxf3 Qh7 37. Ng7 Rh2 38. Nxe8 Qg6 39. Qd4 Qh5+ 40. g4 Qh3+ 0-1

[Event "Ciechocinek KPZ-ch"]
[Site "Ciechocinek"]
[Date "2002.??.??"]
[Round "5"]
[White "Smykowski, Mateusz"]
[Black "Lewandowski, Maciej"]
[Result "0-1"]
[WhiteElo "1800"]
[BlackElo "1800"]
[PlyCount "78"]
[EventDate "2002.??.??"]
[EventType "swiss"]
[EventRounds "9"]
[EventCountry "POL"]
[SourceTitle "EXT 2007"]
[Source "ChessBase"]
[SourceDate "2006.11.23"]
[SourceVersion "1"]
[SourceVersionDate "2006.11.23"]
[SourceQuality "1"]

1. e4 e5 2. Nf3 Nc6 3. d4 exd4 4. Nxd4 Bc5 5. Nxc6 Qf6 6. Qf3 Qxc6 7. Nc3 Nf6 8. Bg5 Bd4 9. Bxf6 Bxf6 10. Be2 Bxc3+ 11. bxc3 0-0 12. c4 Re8 13. Bd3 d5 14. cxd5 Qxd5 15. 0-0 Qe5 16. Rab1 a6 17. Bc4 Qe7 18. Rfe1 b5 19. Bb3 c5 20. Bd5 Bb7 21. Bxb7 Qxb7 22. Qf5 Qc6 23. Qd5 Qxd5 24. exd5 Rxe1+ 25. Rxe1 c4 26. Kf1 Kf8 27. Rd1 Ke7 28. Ke2 Kd6 29. f4 f5 30. Kf3 a5 31. g4 fxg4+ 32. Kxg4 b4 33. Kf3 Rb8 34. Ke4 Re8+ 35. Kd4 Re2 36. Kxc4 Rxc2+ 37. Kb5 Rxa2 38. Kc4 Rc2+ 39. Kb5 Rc5+ 0-1

[Event "Ciechocinek KPZ-ch"]
[Site "Ciechocinek"]
[Date "2002.??.??"]
[Round "3"]
[White "Wisniewski, Robert"]
[Black "Lewandowski, Maciej"]
[Result "0-1"]
[WhiteElo "1800"]
[BlackElo "1800"]
[PlyCount "41"]
[EventDate "2002.??.??"]
[EventType "swiss"]
[EventRounds "9"]
[EventCountry "POL"]
[SourceTitle "EXT 2007"]
[Source "ChessBase"]
[SourceDate "2006.11.23"]
[SourceVersion "1"]
[SourceVersionDate "2006.11.23"]
[SourceQuality "1"]

1. Nf3 c5 2. b3 d5 3. d4 cxd4 4. Nxd4 e5 5. Nf3 Nc6 6. Bb2 Bd6 7. e3 Nge7 8. Be2 0-0 9. Nc3 Be6 10. Nb5 Bb8 11. Ng5 a6 12. Nc3 e4 13. Nxe6 fxe6 14. f4 exf3 15. Bxf3 Nf5 16. Qe2 Bg3+ 17. hxg3 Nxg3 18. Qd3 Nxh1 19. 0-0-0 Nf2 20. Qe2 Nxd1 21. Nxd1 0-1